[Event "SVK Extraliga 2019-20"]
[Site "Slovakia"]
[Date "2020.09.04"]
[Round "9"]
[White "Krejci, Jan"]
[Black "Mazur, Stefan"]
[Result "1/2-1/2"]
[WhiteElo "2543"]
[BlackElo "2423"]
[Annotator "TA"]
[PlyCount "66"]
[EventDate "2019.10.19"]
[EventType "team-tourn"]
[EventCountry "SVK"]
[SourceTitle "playchess.com"]
[Source "ChessBase"]
[SourceQuality "1"]
[WhiteTeam "Prakovce"]
[BlackTeam "Liptovska"]

{[%evp 11,66,31,33,-8,-10,0,-10,-7,0,0,0,0,0,0,0,0,13,-25,-38,-22,-41,-114,-104,-99,-83,-100,-96,-98,-107,-100,-108,-104,-74,-185,-156,-158,-153,-145,-89,-212,-185,-194,-167,-161,-154,-163,-80,-114,-111,-101,-97,-110,0,0,0,-85,0]} 1. d4 Nf6 2. c4 g6 3. Nc3 Bg7 4. e4 O-O 5. Bg5 d6 6. h3 c6 7. Nge2 {[#] E71: King's Indian: 4 e4 d6 5 h3.} b5 $146 ({Predecessor:} 7... a6 8. a4 a5 9. g4 e5 10. d5 h6 11. Be3 cxd5 12. cxd5 Nfd7 13. Ng3 Na6 14. h4 Ndc5 {1-0 (60) Mkrtchian,L (2443)-Tomilova,E (2292) Sochi 2015}) 8. cxb5 cxb5 9. a3 {The position is equal.} Bb7 10. d5 a5 {Threatening ...b4.} 11. Ng3 b4 12. Na4 Ba6 13. Be2 Nbd7 14. Be3 Bxe2 15. Qxe2 h5 {...h4 is the strong threat.} 16. Bd4 (16. Bg5 $15) 16... h4 $17 17. Nf1 Qc8 18. Nh2 Qa6 19. Qxa6 Rxa6 20. f3 Nh5 $36 {[%mdl 2048] White is under strong pressure.} 21. Bxg7 Kxg7 22. Ng4 (22. O-O $17 {was worth a try.}) 22... Nb6 23. Nxb6 Rxb6 24. a4 Rc8 (24... Nf4 $142 25. Ne3 b3) 25. Ne3 (25. Kd2 $17) 25... b3 $19 26. Kf2 Nf4 27. Rhd1 Rb4 28. Rd2 Rb7 (28... Nh5 $19 29. Rd3 Ng3) 29. g3 hxg3+ 30. Kxg3 {[#]} Nh5+ $1 31. Kf2 Nf4 32. Kg3 Nh5+ $1 33. Kf2 $1 Nf4 {Accuracy: White = 64%, Black = 74%.} ({Black should try} 33... Rb4 $17) 1/2-1/2

[Event "SVK Extraliga 2019-20"]
[Site "Slovakia"]
[Date "2020.09.04"]
[Round "9"]
[White "Malinovsky, Karel"]
[Black "Macko, Miroslav"]
[Result "1/2-1/2"]
[WhiteElo "2474"]
[BlackElo "2277"]
[Annotator "TA"]
[PlyCount "88"]
[EventDate "2019.10.19"]
[EventType "team-tourn"]
[EventCountry "SVK"]
[SourceTitle "playchess.com"]
[Source "ChessBase"]
[SourceQuality "1"]

{[%evp 9,88,41,58,66,75,66,69,69,85,54,61,59,52,52,48,40,38,41,64,35,32,28,47,22,34,34,49,52,51,34,30,37,34,27,35,37,64,13,46,24,39,4,31,27,27,26,22,-10,-10,-10,-10,-10,-10,-7,-9,-9,-6,-28,-9,-19,-21,-19,0,0,0,0,0,-26,6,0,18,-8,-8,-8,-8,-10,0,0,0,-35,-35]} 1. e4 d5 2. exd5 Qxd5 3. Nf3 Bg4 4. Be2 Nf6 5. h3 Bh5 6. d4 {B01: Scandinavian Defence.} c6 7. c4 Qa5+ 8. Nc3 {White is slightly better.} e6 {[#]} 9. Ne5 $146 ({Predecessor:} 9. O-O Be7 10. Bf4 O-O 11. Ne5 Bxe2 12. Qxe2 Rd8 13. Rfe1 Rf8 14. Rad1 Bb4 15. Rd3 {1-0 (38) Hovhannisyan,R (2624)-Grigoryan,K (2602) Yerevan 2015}) 9... Bxe2 10. Qxe2 Bb4 11. Bd2 Nbd7 12. Nd3 O-O 13. O-O Rad8 14. Nxb4 Qxb4 15. b3 Rfe8 16. Rfd1 Qd6 17. Be3 Nf8 18. Bg5 N8d7 19. Rd2 h6 20. Bh4 Qf4 21. Bg3 Qf5 22. Rad1 Nf8 23. Qd3 ({Better is} 23. Qe5 $14) 23... Qa5 24. Qe3 Ng6 25. Ne2 Qf5 26. Bc7 Rd7 27. Ng3 Qg5 28. Be5 {[#] aiming for Qxg5.} (28. Qxg5 {is interesting.} hxg5 29. Ba5 Rb8 30. f3 b6 31. Bc3) 28... Qxe3 29. fxe3 {Bxf6 is the strong threat.} Nxe5 30. dxe5 Red8 $1 31. Rxd7 Rxd7 $11 {[%mdl 4096] Endgame KRN-KRN} 32. Rf1 Nh7 33. Ne4 b6 34. h4 Nf8 35. h5 $1 Rd3 36. Nd6 Nd7 37. Nxf7 Rxe3 38. Nd8 Rxe5 39. Nxc6 {Strongly threatening Rd1.} Rxh5 40. Nxa7 Ra5 {[%mdl 64] [#] Double Attack} 41. Nc8 Rxa2 42. Rd1 Nc5 43. b4 Na4 44. Rd6 Rc2 {Accuracy: White = 74%, Black = 89%.} 1/2-1/2

[Event "SVK Extraliga 2019-20"]
[Site "Slovakia"]
[Date "2020.09.04"]
[Round "9"]
[White "Stohl, Igor"]
[Black "Vojtek, Vladimir"]
[Result "1-0"]
[WhiteElo "2465"]
[BlackElo "2247"]
[Annotator "TA"]
[PlyCount "65"]
[EventDate "2019.10.19"]
[EventType "team-tourn"]
[EventCountry "SVK"]
[SourceTitle "playchess.com"]
[Source "ChessBase"]
[SourceQuality "1"]
[WhiteTeam "Modra"]
[BlackTeam "Dubnica"]

{[%evp 11,65,19,42,27,29,28,31,33,39,44,68,55,75,75,56,70,65,43,206,210,228,233,308,275,284,224,207,212,210,232,247,260,308,310,318,329,355,339,385,384,425,410,681,685,677,677,685,681,681,677,673,671,665,609,696,695]} 1. d4 d5 2. Nf3 Bf5 3. c4 e6 4. Nc3 Nc6 5. Bf4 Nf6 6. e3 Be7 7. h3 {D06: Queen's Gambit: Symmetrical and Baltic Defences.} a6 8. Be2 O-O 9. O-O {White is slightly better.} dxc4 10. Bxc4 {[#]} Na5 $146 ({Predecessor:} 10... Bd6 11. Ne5 Na5 12. Be2 Ne4 13. f3 Nf6 14. e4 Nh5 15. Bh2 Bg6 16. g4 Nf6 {1-0 (44) Barrento,J (1658)-Rente,A Leiria 2017}) 11. Be2 $1 c5 12. dxc5 Qxd1 13. Rfxd1 Bxc5 14. Nh4 Ne4 $2 {[#]} (14... Be4 $14) 15. Rac1 $18 Nxc3 16. Rxc3 ({And not} 16. bxc3 Be4 $11) 16... Bb6 17. Nxf5 exf5 18. Rd6 Bd8 19. Rd7 Bf6 20. Rc5 b6 21. Rxf5 Bxb2 22. Bf3 Rac8 23. Bd5 Bf6 24. Bc7 h6 25. g4 Kh7 26. Bxf7 Nc6 {[#]} (26... Ba1 $142 27. Bxb6 Nc6) 27. Rxf6 $1 {[%mdl 512] White is clearly winning.} gxf6 28. Bd5+ Kg6 29. Bxc6 {Intending Be4+ and mate.} Rf7 {With the idea ...Rxd7.} 30. Be4+ Kg7 31. Rxf7+ Kxf7 32. Bd5+ Ke7 33. Bxb6 {Black did not feel at home in the position after the opening. Accuracy: White = 95%, Black = 56%.} 1-0

[Event "SVK Extraliga 2019-20"]
[Site "Slovakia"]
[Date "2020.09.04"]
[Round "9"]
[White "Piesik, Piotr"]
[Black "Kozak, Adam"]
[Result "1/2-1/2"]
[WhiteElo "2418"]
[BlackElo "2503"]
[Annotator "TA"]
[PlyCount "46"]
[EventDate "2019.10.19"]
[EventType "team-tourn"]
[EventCountry "SVK"]
[SourceTitle "playchess.com"]
[Source "ChessBase"]
[SourceQuality "1"]
[WhiteTeam "Dubnica"]
[BlackTeam "Modra"]

{[%evp 10,46,0,-4,0,0,0,0,16,8,9,4,2,1,23,-8,-10,-16,0,0,0,0,0,8,0,0,0,0,83,43,29,43,21,34,98,101,134,129,310]} 1. d4 Nf6 2. c4 e6 3. Nc3 Bb4 4. f3 c5 5. d5 O-O 6. e4 b5 {E20: Nimzo-Indian: 4 g3 and 4 f3.} 7. e5 Ne8 8. f4 exd5 {The position is equal.} 9. cxd5 d6 10. Nf3 c4 11. a4 Nd7 12. axb5 dxe5 13. Bxc4 Nd6 14. Be2 $1 Qb6 {[#]} 15. Bd2 $146 ({Predecessor:} 15. fxe5 Nxe5 16. Nxe5 Re8 17. Nd3 Ne4 18. Qc2 Nxc3 19. bxc3 Bg4 20. Nxb4 Bxe2 21. Qxe2 Rxe2+ 22. Kxe2 Qxb5+ {½-½ (27) Babic,D (2481)-Terreaux,G (2467) ICCF email 2017}) 15... Bxc3 16. Bxc3 Ne4 {[%csl Ge4][%cal Rb6f2] [#]} 17. Rf1 Nxc3 18. bxc3 Qc5 (18... exf4 $11 {remains equal.} 19. Nd4 Re8) 19. c4 Re8 $1 20. Rf2 $36 {[%mdl 2048] White has some pressure.} e4 21. Nd4 e3 (21... a6 $14) 22. Rf3 $16 Nb6 {[#] Threatens to win with ...Qb4+.} 23. Nc6 $1 Re4 $2 {[%mdl 32768] Accuracy: White = 90%, Black = 81%. . An unexpected result.} (23... Bg4 $16) 1/2-1/2

[Event "SVK Extraliga 2019-20"]
[Site "Slovakia"]
[Date "2020.09.04"]
[Round "9"]
[White "Miesbauer, Jan"]
[Black "Matuszewski, Michal"]
[Result "1/2-1/2"]
[WhiteElo "2400"]
[BlackElo "2508"]
[Annotator "TA"]
[PlyCount "46"]
[EventDate "2019.10.19"]
[EventType "team-tourn"]
[EventCountry "SVK"]
[SourceTitle "playchess.com"]
[Source "ChessBase"]
[SourceQuality "1"]

{[%evp 13,46,4,25,24,35,31,88,62,68,62,73,75,97,78,116,56,52,46,117,84,116,128,114,106,85,83,202,66,75,51,53,39,72,0,16]} 1. d4 f5 2. g3 Nf6 3. Bg2 g6 4. c4 Bg7 5. Nc3 O-O 6. Nh3 d6 7. d5 a5 8. Nf4 {A86: Dutch Defence: Leningrad System: Unusual lines and 5 Nh3.} Na6 9. h4 Qe8 (9... Ng4 $14) 10. h5 $1 $16 {White is better.} g5 {[#]} 11. h6 $146 ({Predecessor:} 11. Ne6 Bxe6 12. dxe6 c6 13. Bxg5 Qc8 14. h6 Bh8 15. Bh3 Qxe6 16. Qb1 Ng4 17. Bxg4 fxg4 {0-1 (32) Shaw,A-Targonski,S (2280) USA 1998}) 11... Bh8 12. Nh3 $1 g4 13. Nf4 Rb8 14. Qc2 (14. Be3 $16) 14... c6 $14 15. Be3 Nb4 (15... cxd5 $1 $14 16. Nfxd5 (16. cxd5 b6 $16) (16. Ncxd5 Nxd5 17. Nxd5 e6 $16) 16... Nb4 17. Nxb4 axb4) 16. Qb3 e5 17. dxe6 $1 Bxe6 18. Nxe6 Qxe6 19. Rd1 Na6 {[#]} (19... Rf7 $16) 20. Bf4 (20. Rxd6 $1 $18 {[%mdl 512]} Qe7 (20... Qxd6 21. c5+) 21. O-O) 20... Ne8 21. Bxd6 Nxd6 {[#]} 22. Rxd6 $1 {[%mdl 512]} Qf7 (22... Qxd6 23. c5+) 23. Qd1 (23. Rd5 $16) 23... Be5 {Accuracy: White = 63%, Black = 54%.} 1/2-1/2

[Event "SVK Extraliga 2019-20"]
[Site "Slovakia"]
[Date "2020.09.04"]
[Round "9"]
[White "Sahidi, Samir"]
[Black "Ftacnik, Lubomir"]
[Result "1/2-1/2"]
[WhiteElo "2400"]
[BlackElo "2510"]
[Annotator "TA"]
[PlyCount "44"]
[EventDate "2019.10.19"]
[EventType "team-tourn"]
[EventCountry "SVK"]
[SourceTitle "playchess.com"]
[Source "ChessBase"]
[SourceQuality "1"]
[BlackTeam "Slovan"]

{[%evp 21,44,26,25,26,25,22,39,37,36,43,32,31,19,9,8,0,56,55,47,55,45,0,0,4,2]} 1. d4 Nf6 2. c4 c6 3. Nc3 d5 4. cxd5 cxd5 5. Nf3 Nc6 6. Bf4 a6 7. e3 e6 8. Bd3 Be7 9. h3 O-O 10. O-O b5 11. Rc1 {11.a4 is the hot move.} Bb7 12. a4 {was the old line (12.Ne5). D13: Slav Defence: Exchange variation without ...Bf5.} b4 13. Nb1 {[%cal Bc3b1,Bb1d2,Bd2b3][%mdl 32]} Rc8 14. Nbd2 {White is slightly better.} Qb6 15. Nb3 Ne4 {[#]} 16. Ne5 $146 ({Predecessor:} 16. Nc5 Bxc5 17. dxc5 Qa5 18. Bxe4 dxe4 19. Ng5 Nb8 20. Qc2 Nd7 21. Bd6 Rfd8 22. Rfd1 h6 23. Nxe4 Bxe4 24. Qxe4 Nxc5 25. Bxc5 Rxd1+ {½-½ (25) Vul,A (2316)-Sikora,J (2203) Tatranske Zruby 2012}) 16... Nxe5 17. Rxc8 Rxc8 18. Bxe5 f6 (18... a5 $11) 19. Bh2 a5 20. Qe2 g6 21. Rc1 Rxc1+ 22. Nxc1 Qc6 {Accuracy: White = 89%, Black = 88%.} 1/2-1/2

[Event "SVK Extraliga 2019-20"]
[Site "Slovakia"]
[Date "2020.09.04"]
[Round "9"]
[White "Kostolansky, Sebastian Lukas"]
[Black "Kralovic, Andrej"]
[Result "1-0"]
[WhiteElo "2395"]
[BlackElo "2211"]
[Annotator "TA"]
[PlyCount "93"]
[EventDate "2019.10.19"]
[EventType "team-tourn"]
[EventCountry "SVK"]
[SourceTitle "playchess.com"]
[Source "ChessBase"]
[SourceQuality "1"]
[WhiteTeam "Slovan"]

{[%evp 10,93,22,0,6,6,0,2,21,8,7,-11,6,8,15,-18,0,-15,82,68,73,58,65,68,64,63,76,64,116,116,118,127,126,126,238,214,268,286,287,287,260,260,359,359,443,438,782,780,776,771,766,749,686,550,746,461,451,422,1818,1063,890,0,953,940,920,610,902,733,1025,982,29986,29985,29991,29992,29992,29993,29993,29979,29979,29979,29987,29988,29988,29981,6123,526]} 1. e4 e5 2. Nf3 Nc6 3. Bb5 Nf6 4. d3 Bc5 5. Bxc6 dxc6 6. Nc3 Bg4 {C48: Four Knights: 4 Bb5, replies other than 4...Bb4.} 7. h3 Bh5 8. Be3 Bd6 {[#] The position is equal.} 9. Qe2 $146 ({Predecessor:} 9. Qd2 Bxf3 10. gxf3 Bb4 11. O-O-O Qd7 12. Rdg1 g6 13. Bh6 Qe6 14. Kb1 O-O-O 15. a3 {1-0 (24) Dragiev,D-Lubomirov,I Sofia 2007}) 9... Nd7 10. O-O-O Qe7 11. g4 Bg6 12. d4 f6 13. d5 c5 (13... Bb4 $11 {remains equal.} 14. Bd2 Bxc3 15. Bxc3 cxd5 16. Rxd5 O-O-O) 14. Qb5 O-O-O 15. Nd2 Nb6 16. Qb3 a6 17. a4 {[%cal Ba2a4,Ba4a5][%mdl 32]} Kb8 18. a5 $36 {[%mdl 2048] White has the initiative. White leaves nothing to chance now.} Nc8 (18... Nd7 $14) 19. Qc4 $16 Ka7 20. Nb3 b6 21. Kd2 c6 (21... Be8 $16 {was necessary.} 22. Ra1 b5) 22. Ke2 (22. dxc6 b5 $11) 22... b5 {[#]} 23. Qxc5+ $1 {[%mdl 512]} Bxc5 24. Bxc5+ Qxc5 25. Nxc5 cxd5 26. Nxd5 h5 27. Nb4 Ne7 (27... Ka8 $142 28. Nbxa6 Bf7) 28. Ne6 $18 Bxe4 29. Nxd8 Bxh1 30. Nf7 (30. Rxh1 Rxd8 31. gxh5 Kb7 $16) 30... hxg4 31. Rd7+ {[%mdl 64] Double Attack} (31. Rxh1 Rh4 $16) 31... Kb8 {White must now prevent ...Bf3+.} 32. Nxh8 gxh3 33. Nf7 ({Inferior is} 33. Rxe7 h2 $11) 33... Ng6 (33... Nc6 $142 34. Nxa6+ Ka8) 34. Nxa6+ Ka8 {[#]} 35. Kf1 $2 (35. Nd6 $1 $18 {Threatening mate with Nc8.} Bc6 36. Rd8+ Ka7 37. Nb4) 35... Bc6 $2 {[%mdl 8192]} (35... h2 $11 36. Nc7+ {[%mdl 64] Double Attack} Kb8 37. Na6+ (37. Nxb5 $2 Bf3 $19) 37... Ka8 38. Nc7+ {[%mdl 64] Double Attack} Kb8 39. Na6+ (39. Nxb5 $2 Bf3 $19) 39... Ka8) 36. Rd8+ Ka7 37. Kg1 Nh4 38. Kh2 Bg2 39. Nc5 Nf3+ 40. Kg3 f5 {[#]} 41. Nd6 $1 {[%cal Rd6b5]} f4+ 42. Kg4 {[%cal Rd6b5]} Nd4 43. c3 h2 44. cxd4 {[%cal Rd6b5]} Bf3+ 45. Kg5 {[%cal Rd6b5]} Bc6 46. Rh8 h1=Q {[#]} 47. Nxb5+ $1 {[%mdl 512] Accuracy: White = 79%, Black = 46%.} 1-0

[Event "SVK Extraliga 2019-20"]
[Site "Slovakia"]
[Date "2020.09.04"]
[Round "9"]
[White "Zpevak, Pavel"]
[Black "Jablonicky, Martin"]
[Result "1-0"]
[WhiteElo "2344"]
[BlackElo "2318"]
[Annotator "TA"]
[PlyCount "81"]
[EventDate "2019.10.19"]
[EventType "team-tourn"]
[EventCountry "SVK"]
[SourceTitle "playchess.com"]
[Source "ChessBase"]
[SourceQuality "1"]
[WhiteTeam "Dubnica"]
[BlackTeam "Osuske"]

{[%evp 9,81,12,13,25,12,19,45,39,100,99,100,100,100,100,109,111,239,225,229,233,222,217,242,226,252,245,252,258,275,265,263,262,295,300,278,300,315,305,292,305,329,279,325,342,389,403,472,375,382,284,300,231,273,290,361,359,329,327,445,452,459,455,1116,1105,930,587,853,899,882,858,874,861,850,785]} 1. d4 Nf6 2. c4 g6 3. Nc3 Bg7 4. Bg5 O-O 5. e3 c5 6. d5 {E61: King's Indian: Early deviations for White, including Smyslov System.} b5 7. cxb5 a6 8. Nf3 {White is slightly better.} Qa5 {[#]} (8... Bb7 $14) 9. Nd2 $1 $16 d6 10. Nc4 Qd8 11. a4 $36 {[%cal Ba2a4,Ba4a5][%mdl 2080] White is really pushing.} Nbd7 12. Be2 {[#]} Nb6 $146 (12... h6 $16) ({Predecessor:} 12... Bb7 13. e4 h6 14. Be3 axb5 15. axb5 Qc7 16. Rxa8 Rxa8 17. O-O Nb6 18. Nxb6 Qxb6 {0-1 (28) Iljin,A (2509)-Kovalev,V (2649) Riga 2019}) 13. Nxb6 $18 Qxb6 14. a5 Qb7 {intending ...axb5.} 15. b6 h6 16. Bh4 Bf5 17. Ra4 Rfe8 18. O-O Rad8 19. Re1 Bd7 20. Ra3 e6 21. Bxf6 Bxf6 22. Qd3 Bc8 23. dxe6 d5 24. Bf3 Bxe6 25. Raa1 Rd7 26. e4 {[%cal Re4d5]} dxe4 27. Bxe4 Qb8 28. Qf3 Qd8 29. Red1 Rd4 30. Rxd4 cxd4 31. Nd5 Bxd5 32. Bxd5 Kg7 33. g3 Qd6 34. Rc1 {White is clearly winning.} Re5 35. b7 Rf5 (35... Rxd5 $142 36. b8=Q {[%mdl 64] Deflection} Qxb8 37. Qxd5 d3) 36. Qb3 Be5 37. Be4 Rf6 38. Rc8 Qe7 39. b8=Q Bxb8 40. Qxb8 {[#] White wants to mate with Rg8+.} Rd6 41. Re8 {Black did not feel at home in the position after the opening. Accuracy: White = 90%, Black = 48%.} 1-0

[Event "SVK Extraliga 2019-20"]
[Site "Slovakia"]
[Date "2020.09.04"]
[Round "9"]
[White "Haring, Filip"]
[Black "Mikrut, Dariusz"]
[Result "1-0"]
[WhiteElo "2333"]
[BlackElo "2390"]
[Annotator "TA"]
[PlyCount "87"]
[EventDate "2019.10.19"]
[EventType "team-tourn"]
[EventCountry "SVK"]
[SourceTitle "playchess.com"]
[Source "ChessBase"]
[SourceQuality "1"]
[WhiteTeam "Liptovska"]
[BlackTeam "Prakovce"]

{[%evp 14,87,12,0,0,-4,12,7,53,45,59,26,110,112,104,120,156,137,142,67,59,54,70,63,51,-3,96,85,93,92,114,114,119,113,160,164,192,199,191,195,229,231,259,204,238,202,269,258,269,255,281,210,221,216,371,363,356,329,535,506,450,298,360,348,820,815,1219,846,824,816,1370,1211,29982,29983,29982,3458]} 1. e4 c5 2. Nf3 d6 3. Bb5+ Bd7 4. Bxd7+ Nxd7 5. O-O Ngf6 6. Re1 e6 7. d4 cxd4 8. Qxd4 a6 {B52: Sicilian: Moscow Variation with 3...Bd7.} 9. c4 {[#]} Rc8 $146 ({Predecessor:} 9... Qc7 10. b3 e5 11. Qd1 Nc5 12. Nc3 Be7 13. Bg5 h6 14. Bxf6 Bxf6 15. Nd5 Qd8 16. b4 {1-0 (54) De Andrade,D (1964)-Santos,G Petrolina 2009}) 10. b3 b5 {The position is equal.} 11. cxb5 axb5 12. Ba3 Qb6 (12... e5 $11 {remains equal.} 13. Qd2 Qb6) 13. Qxb6 $16 Nxb6 14. Nd4 $1 d5 15. Bxf8 Kxf8 16. exd5 (16. e5 $1 $16) 16... Nfxd5 $14 17. Nxb5 Nb4 18. N1a3 $1 Ke7 19. g3 (19. Nd4 $14) 19... Rc5 (19... Ra8 $11 {keeps the balance.}) 20. Re4 $1 $16 {[%cal Re4b4] White stays focused until the end.} N4d5 21. b4 $36 {[%mdl 2048] White is really pushing.} Rc6 22. Na7 Rc3 {[#]} 23. N3b5 $1 {[%cal Rb5c3]} Rc2 24. a4 {[%cal Ba2a4,Ba4a5][%mdl 32]} Ra8 25. a5 Nd7 26. Nd4 Rb2 27. b5 {[%cal Bb4b5,Bb5b6][%mdl 32]} Kf6 28. b6 Rb4 29. f3 Nc5 30. Ndc6 Rb2 31. Ree1 Nc3 32. Re3 Nd5 {[#]} 33. Rea3 $1 e5 $2 (33... Nxb6 {keeps fighting.} 34. axb6 Rxb6) 34. R3a2 $18 Rb3 35. Rd2 Nc3 $2 (35... Nxb6 {was necessary.} 36. axb6 Rxb6) 36. Re1 Re8 37. g4 e4 38. fxe4 {[%mdl 64] Overworked Piece} N3xe4 $2 (38... Rxe4 39. Rf2+ Kg5 40. Rxe4 N3xe4) 39. Rd5 Nd3 {[#]} 40. Rxd3 $1 {[%mdl 512]} Rxd3 41. b7 Rd2 42. Nc8 Ng5 43. Rf1+ Kg6 44. N6e7+ {Accuracy: White = 74%, Black = 33%.} 1-0

[Event "SVK Extraliga 2019-20"]
[Site "Slovakia"]
[Date "2020.09.04"]
[Round "9"]
[White "Jacko, Vladimir"]
[Black "Plachetka, Jan"]
[Result "0-1"]
[WhiteElo "2333"]
[BlackElo "2305"]
[Annotator "TA"]
[PlyCount "76"]
[EventDate "2019.10.19"]
[EventType "team-tourn"]
[EventCountry "SVK"]
[SourceTitle "playchess.com"]
[Source "ChessBase"]
[SourceQuality "1"]
[WhiteTeam "Prakovce"]
[BlackTeam "Liptovska"]

{[%evp 9,76,-43,-14,6,8,-21,10,-54,-45,-80,-64,-102,-45,-64,-45,-38,-32,-122,-129,-148,-149,-177,-147,-148,-134,-161,-110,-154,-146,-163,-158,-187,-117,-131,0,-134,-120,-383,-41,-133,-80,-91,-87,-100,-82,-150,-133,-150,-117,-118,-103,-135,-53,-131,-95,-233,-232,-235,-252,-241,-225,-331,-300,-582,-580,-485,-168,-29994,-29995]} 1. d4 Nf6 2. Nf3 g6 3. Bg5 Bg7 4. Nbd2 O-O 5. h4 h6 6. Bxf6 {A48: 1 d4 Nf6 2 Nf3 g6: Torre, London and Colle Systems.} Bxf6 {[#]} 7. e4 $146 ({Predecessor:} 7. h5 g5 8. e3 d5 9. c4 c5 10. cxd5 cxd4 11. e4 e6 12. Bc4 exd5 13. Bxd5 {0-1 (29) Diulger,A (2309)-Karthik,R (2235) Charlotte 2019}) 7... d6 8. e5 (8. c3 $11) 8... Bg7 9. h5 g5 $1 10. Bd3 Nc6 ({Black should play} 10... dxe5 $17 11. Qe2 exd4 12. Nxg5 Nd7) 11. Qe2 $15 Nb4 {Threatens to win with ...g4.} 12. Nxg5 dxe5 (12... hxg5 $6 13. h6 $14) 13. Ngf3 (13. dxe5 $15 Nxd3+ 14. cxd3) 13... exd4 $17 14. Ne5 Qd5 15. f4 Nxd3+ 16. cxd3 a5 17. O-O Ra6 (17... Bxe5 $19 18. fxe5 Be6) 18. Rf3 Kh7 19. Rg3 Rf6 20. Rf1 Bf5 ({Black should try} 20... a4 $19 21. Qe4+ Qxe4 22. dxe4 Rb6) 21. Ndf3 Bc8 (21... Rb6 $17 22. b3 Bf6) 22. Nh4 (22. Nd2 $11 {was the only way to keep the balance.}) 22... Bh8 23. Neg6 $2 {[%mdl 8192]} (23. a3 $17) 23... Re8 $2 ({Better is} 23... fxg6 $19 24. hxg6+ Kg8) 24. Ne5 ({Only move:} 24. Qxe7 $1 $15 Qd8 25. Qxd8 (25. Nf8+ Rxf8 26. Qe4+ Rf5 $17) 25... Rxd8 26. Nxh8) 24... Rg8 (24... c5 $142 25. a3 a4) 25. Rxg8 Kxg8 26. f5 Kf8 (26... Qxa2 $2 27. Ng4 $18) 27. Ng4 (27. Rc1 $142) 27... Rc6 ({Wrong is} 27... Qxa2 $2 28. Re1 $18) 28. b3 Bf6 29. Nxf6 Rxf6 30. g4 b5 (30... Rc6 $17 31. Nf3 Rc3) 31. Qd2 (31. Re1 $15 Qd6 32. Qe5) 31... Bb7 $36 {[%mdl 2048] White must now prevent ...Qh1+. Black is really pushing.} 32. Qh2 {[#]} (32. Kh2 $17 {was necessary.}) 32... Rc6 $1 $19 {[%cal Rc6c2] aiming for ...Rc2!} 33. Nf3 Rc3 34. Qf4 {[#]} Qd6 $1 {[%cal Rd6f4]} ({Inferior is} 34... Rxd3 35. Qxh6+ Kg8 36. Qg5+ Kf8 37. Qh6+ Kg8 38. Qg5+ Kf8 39. Qh6+ $11) 35. Ne5 (35. Qe5 {is a better defense.} Qxe5 36. Nxe5) 35... Rc2 {( -> ...Rg2+)} 36. Re1 $2 (36. Rf2 Rxf2 37. Kxf2) 36... Kg8 37. Kf1 Qf6 $2 ({Don't do} 37... Qd5 38. Qe4 $19) (37... Rxa2 38. Re2 Rxe2 39. Kxe2 Qd5) 38. Qxd4 $2 {[#]} (38. Re2 $19 Rc3 39. Qxd4 Rc1+ 40. Kf2) 38... Qh4 $1 {[%mdl 512] Accuracy: White = 33%, Black = 56%.} 0-1